[Event "BCF-chT4 2223 (4NCL)"]
[Site "England"]
[Date "2023.05.01"]
[Round "11.126"]
[White "Brown, Stephanie"]
[Black "Sharma, Rajeev"]
[Result "1-0"]
[WhiteElo "1267"]
[BlackElo "1250"]
[PlyCount "77"]
[EventDate "2022.11.05"]
[EventType "team-swiss"]
[EventRounds "11"]
[EventCountry "ENG"]
[SourceTitle "EXT 2024"]
[Source "ChessBase"]
[SourceDate "2023.10.10"]
[SourceVersion "1"]
[SourceVersionDate "2023.10.10"]
[SourceQuality "1"]
[WhiteTeam "She Plays To Win Uni"]
[BlackTeam "Cambridge University III"]
[WhiteTeamCountry "ENG"]
[BlackTeamCountry "ENG"]

1. d4 d5 2. c4 dxc4 3. e4 b5 4. a4 c6 5. axb5 cxb5 6. Nc3 a6 7. Nxb5 Bb7 8. Nc3 Qc7 9. Qa4+ Nd7 10. Bxc4 e6 11. Nge2 Ne7 12. Bf4 Qc6 13. 0-0 Qxa4 14. Rxa4 Nc6 15. d5 exd5 16. Nxd5 Ra7 17. Nc7+ Kd8 18. Bxf7 Be7 19. Rd1 g5 20. Bg3 Rf8 21. Ne6+ Kc8 22. Nxf8 Bxf8 23. Be6 Ncb8 24. Bxb8 Kxb8 25. Rxd7 Bc5 26. Rc4 Bb6 27. Rxh7 a5 28. Rh8+ Bc8 29. Rcxc8+ Kb7 30. Bd5+ Ka6 31. Bc4+ Kb7 32. Rcg8 Kc6 33. Rxg5 Rd7 34. Bb5+ Kc7 35. Bxd7 Kxd7 36. Rh6 Ke7 37. Rg7+ Kf8 38. Rb7 Kg8 39. Rc6 1-0

[Event "BCF-chT4 2223 (4NCL)"]
[Site "England"]
[Date "2023.04.29"]
[Round "9.136"]
[White "Brown, Stephanie"]
[Black "Paull, James"]
[Result "1-0"]
[WhiteElo "1267"]
[BlackElo "1405"]
[PlyCount "107"]
[EventDate "2022.11.05"]
[EventType "team-swiss"]
[EventRounds "11"]
[EventCountry "ENG"]
[SourceTitle "EXT 2024"]
[Source "ChessBase"]
[SourceDate "2023.10.10"]
[SourceVersion "1"]
[SourceVersionDate "2023.10.10"]
[SourceQuality "1"]
[WhiteTeam "She Plays To Win Uni"]
[BlackTeam "Deaf England"]
[WhiteTeamCountry "ENG"]
[BlackTeamCountry "ENG"]

1. d4 d5 2. c4 Nf6 3. cxd5 Qxd5 4. Nc3 Qd8 5. e4 e6 6. Bg5 Be7 7. Nf3 c6 8. a3 h6 9. Bh4 Nbd7 10. Be2 Nb6 11. 0-0 Nh7 12. Bxe7 Qxe7 13. e5 0-0 14. Qd2 Nd5 15. Bd3 f5 16. Nxd5 cxd5 17. Rac1 Bd7 18. Rc7 b6 19. Bb5 Rfd8 20. Rfc1 Qe8 21. Bxd7 Rxd7 22. Qc3 Rxc7 23. Qxc7 Qf7 24. Qxf7+ Kxf7 25. Rc7+ Kg8 26. h4 Nf8 27. h5 a6 28. b4 a5 29. Rb7 axb4 30. axb4 g5 31. Rxb6 Ra7 32. b5 Kf7 33. Rc6 Rb7 34. b6 Nd7 35. Rc7 Rxc7 36. bxc7 Nb6 37. Nd2 Ke7 38. Nb3 Nc8 39. Nc5 Nb6 40. Nb7 Kd7 41. Nd6 Kxc7 42. Nf7 Nc8 43. Nxh6 Ne7 44. Nf7 g4 45. h6 Kd7 46. h7 Ng6 47. h8Q Nxh8 48. Nxh8 Kc6 49. Ng6 Kd7 50. Nf4 Ke7 51. Kh2 Kf7 52. Kg3 Ke7 53. Kh4 Kf7 54. Kg5 1-0